[Event "CRO-chT"]
[Site "?"]
[Date "2000.09.12"]
[Round "2"]
[White "Smirin Ilia"]
[Black "Fercec Nenad"]
[Result "1-0"]
[WhiteElo "2677"]
[BlackElo "2458"]
[PlyCount "120"]
[EventDate "2000.??.??"]
[Source "www.chesslib.no"]
[SourceDate "2004.05.04"]

1. e4 d5 2. exd5 Qxd5 3. Nc3 Qd6 4. d4 Nf6 5. Bg5 c6 6. Qd2 Bf5 7. O-O-O Nbd7 8. Nf3 h6 9. Bf4 Qb4 10. d5 Nxd5 11. Nxd5 Qxd2+ 12. Rxd2 cxd5 13. Nd4 e5 14. Nxf5 exf4 15. Rxd5 O-O-O 16. Bc4 Kc7 17. Rhd1 a6 18. R5d2 g6 19. Nd4 Rh7 20. Ne2 f3 21. gxf3 Be7 22. f4 Nf6 23. Nd4 Rd7 24. f3 Bd6 25. Ne2 Bc5 26. Rxd7+ Nxd7 27. Rd3 Nf6 28. Kd2 Bd6 29. h4 Nh5 30. f5 Nf4 31. Rxd6 Kxd6 32. Nxf4 g5 33. hxg5 hxg5 34. Ne2 Ke5 35. Ke3 Rh3 36. Ng1 Rh1 37. Ne2 Rh3 38. Kf2 f6 39. Kg2 Rh8 40. Bd3 Rh7 41. a4 Rh4 42. b3 a5 43. Kg3 Rh5 44. f4+ gxf4+ 45. Nxf4 Rh1 46. Ne6 b6 47. Kf3 Rh2 48. Ke3 Rg2 49. Nd4 Rg3+ 50. Nf3+ Kd5 51. Kf4 Rg2 52. Nh4 Rg1 53. Ng6 Kd6 54. Ke3 Rg4 55. Be4 Rg3+ 56. Kd4 Rg4 57. c3 Rg1 58. Nf4 Rd1+ 59. Bd3 Rd2 60. c4 Rb2 1-0

[Event "Romania"]
[Site "?"]
[Date "2004.??.??"]
[Round "?"]
[White "Nisipeanu, L._D."]
[Black "Moldovan, D."]
[Result "1-0"]
[WhiteElo "2690"]
[BlackElo "2430"]
[PlyCount "41"]
[EventDate "2004.??.??"]
[Source "Chess Informant"]
[SourceDate "2004.02.01"]

1. e4 d5 2. exd5 Qxd5 3. Nc3 Qd6 4. d4 Nf6 5. Nf3 a6 6. g3 Bg4 7. h3 Bxf3 8. Qxf3 Nc6 9. Be3 e6 10. Bg2 Rd8 11. O-O-O Nd5 12. Nxd5 Qxd5 13. Qxd5 exd5 14. Rhe1 Ne7 15. h4 Kd7 16. Bg5 f6 17. Bh3+ Kc6 18. Bf4 Nc8 19. Rd3 Bd6 20. Bxd6 Nxd6 21. Re7 1-0

[Event "Ch France (team) (nat.1) 2007/08"]
[Site "France"]
[Date "2007.12.16"]
[Round "5"]
[White "Smirin Ilia (ISR)"]
[Black "Vojinovic Goran (SRB)"]
[Result "1-0"]
[WhiteElo "2649"]
[BlackElo "2463"]
[PlyCount "55"]
[EventDate "2007.??.??"]
[Source "www.chesslib.no"]
[SourceDate "2004.05.04"]

1. e4 d5 2. exd5 Qxd5 3. Nc3 Qd6 4. g3 Nf6 5. Bg2 Nc6 6. Nf3 Bg4 7. h3 Bh5 8. O-O O-O-O 9. g4 Bg6 10. Nh4 Nd4 11. d3 e6 12. Be3 Be7 13. a4 c6 14. a5 a6 15. Ra4 Nb5 16. Bb6 Nc7 17. Re1 Nfd5 18. Nxg6 hxg6 19. Qf3 Rdf8 20. Bd4 f6 21. Bb6 g5 22. Ne2 Bd8 23. c4 Nf4 24. Nxf4 Qxf4 25. Qd1 Qd6 26. b4 Rf7 27. b5 f5 28. c5 1-0

[Event "N Psichiko m g15'"]
[Site "?"]
[Date "2002.06.08"]
[Round "4"]
[White "Vouldis Angelos"]
[Black "Kotronias Vasilios"]
[Result "1-0"]
[WhiteElo "2515"]
[BlackElo "2580"]
[PlyCount "39"]
[EventDate "2002.??.??"]
[Source "www.chesslib.no"]
[SourceDate "2004.05.04"]

1. e4 d5 2. exd5 Qxd5 3. Nc3 Qd6 4. d4 Nf6 5. Nf3 a6 6. g3 b5 7. Bg2 Bb7 8. O-O e6 9. Bf4 Qd8 10. d5 Nxd5 11. Ng5 Be7 12. Qh5 g6 13. Qh6 Nxf4 14. Nxf7 Qd2 15. Bxb7 Kxf7 16. gxf4 Ra7 17. Rad1 Qxc2 18. Be4 Qxb2 19. Bxg6+ Kg8 20. Bh5 1-0